000 00818 a2200217 4500
001 57885
005 20260407155838.0
008 260407a arg spa d
003 AR-UNSa-BCEJYS
040 _aAR-UNSa-BCEJYS
_bspa
_cAR-UNSa-BCEJYS
080 _a332.1
_xEconomía regional. Economía territorial
245 1 0 _aNorte Grande
_pCrisis, integración económica y descentralización estatal
264 1 _aBuenos Aires :
_bFundación Friedrich Ebert
300 _a32 p.
_c21 cm.
505 _a1. Introducción - 2. Economía, región y federalismo centralista - 3. Lo nuevo en la crisis: acuerdos regionales e integración económica - 4. Reflexiones finales
041 _aspa
942 _cBK
590 _aniveau_biblio:m niveau_hierar:0
100 1 _aCapraro, Héctor M.
700 1 _aEsteso, Roberto L.
999 _c6322
_d6322